Word processing and document presentation, stage 3 (Record no. 61900)

MARC details
000 -LEADER
fixed length control field 00526nam a2200133 a 4500
008 - FIXED-LENGTH DATA ELEMENTS--GENERAL INFORMATION
fixed length control field 120416s0000 ||||||||||||||||| || u
020 ## - INTERNATIONAL STANDARD BOOK NUMBER
International Standard Book Number 0435453831
050 ## - LIBRARY OF CONGRESS CALL NUMBER
Classification number HF 5547.5 Spe
100 ## - MAIN ENTRY--PERSONAL NAME
Personal name Spencer, Sharon
245 10 - TITLE STATEMENT
Title Word processing and document presentation, stage 3
260 ## - PUBLICATION, DISTRIBUTION, ETC.
Place of publication, distribution, etc. Oxford
Name of publisher, distributor, etc. Heinemann Educational Publishers
Date of publication, distribution, etc. 1998
350 ## - PRICE (NR) (BK AM CF MU VM SE) [OBSOLETE]
Price 0.00
995 ## - RECOMMENDATION 995 [LOCAL, UNIMARC FRANCE]
-- 0.00
-- CBU-MAIN LIBRARY (Kitwe)
-- 1
-- 18.95
-- 1
-- AVAILABLE
-- May 16, 2006
-- Main Library Open Access Collection
Holdings
Withdrawn status Lost status Source of classification or shelving scheme Damaged status Not for loan Home library Current library Shelving location Date acquired Total Checkouts Full call number Barcode Date last seen Price effective from Koha item type
          CBU-MAIN LIBRARY, KITWE. CBU-MAIN LIBRARY, KITWE.   11/30/2022   HF 5547.5 Spe 45411 11/30/2022 11/30/2022 MONOGRAPH